00701nam a22002177a 4500003000500000005001700005008004100022010001000063011001000073035001000083040000900093100002800102245011200130260004200242300001100284500001100295502008200306650003700388650002300425650003500448CHAP20220329141457.0971013s1989 r 00010 d a68777 a69749 a79227 cCHAP00aPérez Pérez, Jorge. aRespuesta de diferentes especies forrajeras tropicales a la fertilización el Sabana de Huimanguillo, Tab. aMontecillo, Mèx. :bEl autor,c1989 a230 h. a31-172 aTesis (Doctor en Ciencias Esp. en Edafología) -- CP. Centro de Edafología14aFertilizantesxEfecto en pastos.14aPastos forrajeros.14aPastos forrajerosxTrópicos.